| 000 | 00607nam a2200229Ia 4500 | ||
|---|---|---|---|
| 003 | OSt | ||
| 005 | 20220928113550.0 | ||
| 006 | a|||||r|||| 00| 0 | ||
| 007 | ta | ||
| 008 | 220927b |||||||| |||| 00| 0 eng d | ||
| 024 | _a71996 | ||
| 037 | _cTextual | ||
| 040 |
_aSDCL _cSDCL _beng |
||
| 041 |
_2eng _aeng |
||
| 082 | _aY15:3(P), M5 | ||
| 100 |
_aCameron Deborah _9371473 |
||
| 245 | 0 | _aFeminism and linguistic and theory | |
| 260 |
_aLondon _bMacmillan Press _c1985 |
||
| 300 |
_avii,195p _ccm. |
||
| 942 |
_hY15:3(P), M5 _cTEXL _2CC |
||
| 999 |
_c750240 _d750240 |
||